ՀՀ Գիտությունների ազգային ակադեմիայի հիմնարար գիտական գրադարան  =   Fundamental Scientific Library of NAS RA

Դոն Կիխոտ / (Record no. 142507)

MARC details
000 -LEADER
fixed length control field 00867nam a2200217 a 4500
001 - CONTROL NUMBER
control field 000372980
003 - CONTROL NUMBER IDENTIFIER
control field AM-YeHGA
005 - DATE AND TIME OF LATEST TRANSACTION
control field 20250618072300.0
008 - FIXED-LENGTH DATA ELEMENTS--GENERAL INFORMATION
fixed length control field 041025s1934 ai 000 | arm d
040 ## - CATALOGING SOURCE
Original cataloging agency AM-YeHGA
041 1# - LANGUAGE CODE
Language code of text/sound track or separate title arm
Language code of original spa
090 ## - LOCALLY ASSIGNED LC-TYPE CALL NUMBER (OCLC); LOCAL CALL NUMBER (RLIN)
-- 143887
100 1# - MAIN ENTRY--PERSONAL NAME
Personal name Սերվանտես
9 (RLIN) 6772
245 10 - TITLE STATEMENT
Title Դոն Կիխոտ /
Statement of responsibility, etc. Սերվանտես; Թարգմ., խմբ. և առաջաբ.՝ Պ. Մակինցյան.
246 15 - VARYING FORM OF TITLE
Title proper/short title Il ingenioso hidalgo Don Quijote de la Mancha
260 ## - PUBLICATION, DISTRIBUTION, ETC.
Place of publication, distribution, etc. Յերևան :
Name of publisher, distributor, etc. Պետհրատ,
Date of publication, distribution, etc. 1934.
300 ## - PHYSICAL DESCRIPTION
Extent XXIV, 192 էջ :
Other physical details նկ. ;
Dimensions 26 սմ.
504 ## - BIBLIOGRAPHY, ETC. NOTE
Bibliography, etc. note Տողատ. ծանոթ.՝ հայ. և օտար լեզ.
650 14 - SUBJECT ADDED ENTRY--TOPICAL TERM
Topical term or geographic name entry element Իսպանական մանկական գրականություն
General subdivision Վեպ
700 1# - ADDED ENTRY--PERSONAL NAME
Personal name Մակինցյան, Պողոս Մկրտչի,
Dates associated with a name 1884-1938
Relator term թարգմ., խմբ., առաջաբ.
Relationship trl
-- edt
-- aui
Holdings
Withdrawn status Lost status Damaged status Not for loan Collection Home library Current library Date acquired Total checkouts Full call number Barcode Date last seen Price effective from Koha item type Public note Source of classification or shelving scheme
        General Fundamental Scientific Library Fundamental Scientific Library 22/12/2016   AIII/6468 FL0077125 22/12/2016 22/12/2016 Գրքեր / Books 30 Days Loan  
        Hambardzumyan Individual Collection Fundamental Scientific Library Fundamental Scientific Library 22/12/2016   Hamb/95 FL0230837 22/12/2016 22/12/2016 Գրքեր / Books ILL Non-Circ. Universal Decimal Classification


ՀՀ ԳԱԱ հիմնարար գիտական գրադարան
ՀՀ,Երևան 0019
Մարշալ Բաղրամյան 24/6
հեռախոս:(374-10) 52-47-50
Հետադարձ կապ

All site content, except where otherwise noted, is licensed under a
Creative Commons License